000 00549nam a2200181Ia 4500
008 230711s9999||||xx |||||||||||||| ||und||
020 _a978-81-239-1986-7
041 _aENG
082 _a615.7
_bRA-M
100 _aRanganathan,Sushilee
245 0 _aPrinciples of medicinal Chemistry including proteomics
_bA collection of theories and lecture notes for the students
250 _a1st Ed.
260 _c2011
_aNew Delhi
_bCBS Publishers & Distributors Pvt.Ltd
300 _a496p.
650 _aPharmacy
700 _aSuresh,A Jerad
942 _cBK
999 _c7157
_d7157